00988cam a2200253u 450000100100000000500170001000800410002701000130006804000240008105000160010510000370012124000570015824500320021526000540024730000260030165000230032765000300035065000290038070000590040991000340046895201050050295201100060799900170071700001484120200929163916.0840817s1934 sp 000 0 spa  a43040479 aDO-SdBNPcCarPdDLC00aJC325b.K421 aKelsen, Hans,d1881-1973.93362700aAllgemeine staatslehre.lSpanish. [from old catalog]00aTeoria general del estado;. aBarcelona [etc.] :bEditorial Labor, s.a.,c1934. axix, 544 p. ;c23 cm. 0aState, the.933628 0aConstitutional law.94133 0aPolitical science.941322 aLegaz y Lacambra, Luis, [from old catalog]etr.933629 aCatalogación por copia / LC 001050718MOaGRbGRcCTd2010-01-22iLF1l0o p14841-10r2020-06-25w2020-06-25y1ZNo se presta 001050718MOaGRbGRcCTd2010-01-22iLF1l0o p14841-20r2020-06-25te.2w2020-06-25y1ZNo se presta c14421d14421